[Event "Fall Server Series, S02093"]
[Site "CCLA"]
[Date "2020.11.21"]
[Round "?"]
[White "Thomas, Gerald K."]
[Black "Zarges, Ron V."]
[Result "0-1"]
[WhiteElo "1634"]
[BlackElo "1794"]

1. e4 c5 2. c3 d5 3. exd5 Qxd5 4. Nf3 Nf6 5. Na3 e6 6. d4 Qd8 7. Bg5 Nc6 
8. Bb5 Bd7 9. Ne5 Be7 10. Nxd7 Nxd7 11. Bxe7 Qxe7 12. O-O Rc8 13. d5 Ncb8 
14. Re1 O-O 15. d6 Qg5 16. Bf1 a6 17. Nc4 b5 18. Nd2 Rc6 19. Nf3 Qd5 20. 
Qxd5 exd5 21. b4 Rxd6 22. bxc5 Nxc5 23. Re3 Ne6 24. Rae1 Nd7 25. Bd3 Ndc5 
26. Bc2 Re8 27. Ng5 g6 28. Nxe6 Rdxe6 29. Rxe6 Rxe6 30. Rxe6 fxe6 31. f3 
g5 32. Kf2 h6 33. Ke3 e5 34. h3 Kf7 35. g3 a5 36. Bd1 b4 37. cxb4 axb4 38.
 Bb3 Nxb3 39. axb3 Ke6 40. g4 Kf6 41. Kd3 d4 42. Kc4 Ke6 43. Kd3 Kd5 44. 
Kd2 e4 45. Ke2 d3+ 46. Ke3 exf3 47. Kxd3 f2 48. Ke2 Kd4 49. Kxf2 Kc3 50. 
Ke3 Kxb3 51. Kd3 Ka2 52. Ke4 b3 53. Kf5 b2 54. Kg6 b1=Q+ 55. Kxh6 Qb5 56. 
Kg6 Kb3 57. Kh5 Qe5 58. h4 gxh4+ 59. Kxh4 Qg7 60. g5 Qg6 61. Kg4 Kc3 62. 
Kh4 Kd4 63. Kg3 Qxg5+ 64. Kf3 Qe3+ 65. Kg2 Ke4 66. Kf1 Qd2 0-1

[Event "Fall Server Series, S02093"]
[Site "CCLA"]
[Date "2020.11.21"]
[Round "?"]
[White "Thomas, Gerald K."]
[Black "Regan, David"]
[Result "1/2-1/2"]
[WhiteElo "1634"]
[BlackElo "1689"]

1. c4 Nf6 2. d4 g6 3. Nc3 Bg7 4. e4 d6 5. f3 O-O 6. Be3 Nc6 7. a3 e5 8. d5
Ne7 9. Bd3 Nh5 10. Nge2 f5 11. Qc2 c6 12. Qa4 cxd5 13. cxd5 a6 14. Bb5 f4 
15. Bf2 Nf6 16. O-O-O Bd7 17. Bxd7 Qxd7 18. Qxd7 Nxd7 19. Kb1 Rac8 20. Rc1
Nc5 21. Bxc5 Rxc5 22. Na4 Rxc1+ 23. Rxc1 Rc8 24. Nb6 Rxc1+ 25. Kxc1 Kf7 
26. Kc2 Ke8 27. Nc4 Kd7 28. Nc3 Bf8 29. Kb3 Kc7 30. Kb4 Nc8 31. a4 Be7 32.
 Ne2 Nb6 33. b3 Nxc4 34. Kxc4 Bd8 35. b4 Kd7 36. a5 b5+ 37. Kb3 Bc7 38. 
Ng1 Bb8 39. Nh3 h6 40. Nf2 Ba7 41. Ng4 h5 42. Nf6+ Ke7 43. Nh7 Bb8 44. Ng5
Kf6 45. Ne6 Ke7 46. g3 fxg3 47. hxg3 Ba7 48. Ng5 Bf2 49. g4 hxg4 50. fxg4 
Ba7 51. Ne6 Bb8 52. Kc3 Kf6 53. g5+ Ke7 54. Kd3 Ke8 55. Kd2 Ke7 56. Ke2 
1/2-1/2

[Event "Fall Server Series, S02093"]
[Site "CCLA"]
[Date "2020.11.21"]
[Round "?"]
[White "Thomas, Gerald K."]
[Black "Smiley, William R."]
[Result "1-0"]
[WhiteElo "1634"]
[BlackElo "1574"]

1. e4 e5 2. Nf3 Nc6 3. Bb5 a6 4. Ba4 Nf6 5. d3 b5 6. Bb3 h6 7. c3 d6 8. 
O-O Be7 9. h3 O-O 10. Re1 Bb7 11. Nh4 Kh7 12. Nf5 Bc8 13. Nxe7 Qxe7 14. 
Nd2 Na5 15. Bd5 Nxd5 16. exd5 c5 17. b4 Nb7 18. a3 Bd7 19. bxc5 dxc5 20. 
c4 Nd6 21. Bb2 f6 22. f4 Rae8 23. fxe5 fxe5 24. Bxe5 Nf5 25. Nf3 Qf7 26. 
Re4 g5 27. Qe1 Qg6 28. Ra2 Nd6 29. Bxd6 Qxd6 30. Rxe8 Rxe8 31. Re2 Rxe2 
32. Qxe2 b4 33. axb4 cxb4 34. d4 a5 35. Ne5 Be8 36. Qe4+ Bg6 37. Nxg6 Qxg6
38. Qe7+ Qg7 39. d6 b3 40. Qe4+ Kg8 41. Qe8+ Qf8 42. d7 b2 43. Qxf8+ 1-0

[Event "Fall Server Series, S02093"]
[Site "CCLA"]
[Date "2020.11.21"]
[Round "?"]
[White "Regan, David"]
[Black "Zarges, Ron V."]
[Result "0-1"]
[WhiteElo "1689"]
[BlackElo "1794"]

1. d4 Nf6 2. c4 e6 3. Nc3 Bb4 4. e3 O-O 5. Ne2 Re8 6. a3 Bf8 7. Ng3 d5 8. 
Be2 b6 9. cxd5 exd5 10. O-O Bb7 11. b4 Nbd7 12. Qb3 c6 13. Bf3 a5 14. b5 
cxb5 15. Nxb5 Ne4 16. Nxe4 dxe4 17. Be2 Nf6 18. a4 Re7 19. Ba3 Rd7 20. 
Bxf8 Kxf8 21. Rfc1 Rc8 22. h3 Rxc1+ 23. Rxc1 Bd5 24. Qc2 Bb7 25. Qb2 Nd5 
26. Na3 Rc7 27. Rxc7 Qxc7 28. Qc2 Qxc2 29. Nxc2 Nc3 30. Bb5 Nxb5 31. axb5 
Ke7 32. Kf1 Bd5 33. Ke1 Bb3 34. Kd2 Bc4 0-1

[Event "Fall Server Series, S02093"]
[Site "CCLA"]
[Date "2020.11.21"]
[Round "?"]
[White "Regan, David"]
[Black "Thomas, Gerald K."]
[Result "1-0"]
[WhiteElo "1689"]
[BlackElo "1634"]

1. d4 Nf6 2. c4 g6 3. Nc3 Bg7 4. e4 d6 5. Be2 O-O 6. Bg5 Bd7 7. Qd2 Nc6 8.
 O-O-O Bg4 9. Bxf6 Bxe2 10. Bxe7 Nxe7 11. Ngxe2 c6 12. Kb1 b6 13. f4 f5 
14. e5 dxe5 15. dxe5 Qxd2 16. Rxd2 Bh6 17. Rhd1 Kf7 18. Rd7 Rfe8 19. g3 
Bf8 20. R1d6 Kg8 21. Nd4 Rec8 22. Ne6 c5 23. Nxf8 Kxf8 24. Nd5 Nc6 25. 
Rf6+ Kg8 26. Rff7 1-0

[Event "Fall Server Series, S02093"]
[Site "CCLA"]
[Date "2020.11.21"]
[Round "?"]
[White "Regan, David"]
[Black "Smiley, William R."]
[Result "1-0"]
[WhiteElo "1689"]
[BlackElo "1574"]

1. d4 d5 2. c4 c6 3. Nc3 Nf6 4. e3 e6 5. Nf3 Nbd7 6. Bd3 dxc4 7. Bxc4 Be7 
8. O-O O-O 9. e4 Bb4 10. Qe2 Re8 11. Bg5 h6 12. Bh4 g5 13. Bg3 Nf8 14. a3 
Ba5 15. b4 Bc7 16. Bxc7 Qxc7 17. e5 Nd5 18. Ne4 Nh7 19. Nd6 Rd8 20. Bxd5 
cxd5 21. Rac1 Qe7 22. Rc2 Bd7 23. Rfc1 Be8 24. Rc7 Rd7 25. Qc2 Rxc7 26. 
Qxc7 Qxc7 27. Rxc7 b6 28. Kf1 Kf8 29. Ke1 g4 30. Nd2 Ng5 31. f4 Kg8 32. 
fxg5 1-0

[Event "Fall Server Series, S02093"]
[Site "CCLA"]
[Date "2020.11.21"]
[Round "?"]
[White "Smiley, William R."]
[Black "Zarges, Ron V."]
[Result "1/2-1/2"]
[WhiteElo "1574"]
[BlackElo "1794"]

1. e4 c5 2. Nf3 Nc6 3. d4 cxd4 4. Nxd4 Nf6 5. Nxc6 bxc6 6. Bd3 e5 7. Bg5 
Be7 8. Bxf6 Bxf6 9. c3 Rb8 10. b3 O-O 11. O-O d5 12. Nd2 g6 13. h3 Re8 14.
 Qc2 c5 15. exd5 Qxd5 16. Ne4 Bg7 17. Rad1 Qc6 18. c4 f5 19. Nc3 e4 20. 
Be2 Bb7 21. Nd5 Bd4 22. b4 Qd6 23. bxc5 Qxc5 24. Qd2 Bg7 25. Rb1 Ba6 26. 
Qe3 Qxe3 27. fxe3 Bb7 28. Rfd1 Ba8 29. Nc7 Rxb1 30. Rxb1 Rc8 31. Nxa8 Rxa8
32. Rb7 a5 33. a4 1/2-1/2

[Event "Fall Server Series, S02093"]
[Site "CCLA"]
[Date "2020.11.21"]
[Round "?"]
[White "Smiley, William R."]
[Black "Thomas, Gerald K."]
[Result "1-0"]
[WhiteElo "1574"]
[BlackElo "1634"]

1. e4 c5 2. Nf3 d6 3. d4 cxd4 4. Nxd4 a6 5. Bc4 e5 6. Nf3 Be7 7. h3 h6 8. 
O-O Nf6 9. Re1 O-O 10. Nbd2 Bd7 11. Bd3 b5 12. Nf1 Nc6 13. c3 Qc8 14. Kh2 
Nh5 15. Bc2 Na5 16. Nxe5 Bxh3 17. gxh3 Nf6 18. Nf3 Nc4 19. Ne3 Ne5 20. 
Nxe5 dxe5 21. Nf5 Qd8 22. Qxd8 Bxd8 23. Rg1 Kh8 24. Nxg7 Rg8 25. Bxh6 Kh7 
26. Nf5 Rxg1 27. Rxg1 Ne8 28. Be3 Bf6 29. Bb3 1-0

[Event "Fall Server Series, S02093"]
[Site "CCLA"]
[Date "2020.11.21"]
[Round "?"]
[White "Smiley, William R."]
[Black "Regan, David"]
[Result "1-0"]
[WhiteElo "1574"]
[BlackElo "1689"]

1. e4 d6 2. d4 Nf6 3. Nc3 g6 4. Nf3 Bg7 5. h3 O-O 6. Bd3 Nc6 7. a3 e5 8. 
d5 Ne7 9. Ne2 Ne8 10. Nd2 f5 11. f3 Nf6 12. c4 f4 13. Nf1 g5 14. Bd2 Ng6 
15. Qc2 Bd7 16. Nh2 h5 17. Nf1 g4 18. Nh2 gxh3 19. Rg1 hxg2 20. Rxg2 Nh4 
21. Rg1 Bh3 22. O-O-O Bg2 23. Be1 1-0

[Event "Fall Server Series, S02094"]
[Site "CCLA"]
[Date "2020.11.21"]
[Round "?"]
[White "McLaughlin, Ed"]
[Black "Smiley, William R."]
[Result "1-0"]
[WhiteElo "1662"]
[BlackElo "1543"]

1. c4 e5 2. Nc3 Nf6 3. d3 d6 4. g3 Bd7 5. Bg2 c6 6. Nf3 Be7 7. O-O O-O 8. 
Bg5 h6 9. Bd2 Re8 10. a3 Bf8 11. e4 Na6 12. b4 Nc7 13. Rb1 b5 14. Nh4 Kh7 
15. f4 exf4 16. gxf4 g6 17. cxb5 Ng4 18. Qe1 Nxb5 19. Nd1 Nf6 20. Bc1 Ng8 
21. Bb2 Bg7 22. Bxg7 Kxg7 23. f5 Rf8 24. Ne3 g5 25. f6+ Nxf6 26. Nhf5+ 
Bxf5 27. Nxf5+ Kg6 28. a4 Qb6+ 29. Kh1 Kh7 30. axb5 Qxb5 31. Nxd6 1-0

[Event "Fall Server Series, S02094"]
[Site "CCLA"]
[Date "2020.11.21"]
[Round "?"]
[White "Smiley, William R."]
[Black "McLaughlin, Ed"]
[Result "1-0"]
[WhiteElo "1543"]
[BlackElo "1662"]

1. e4 e5 2. Nc3 Nc6 3. Bc4 Bc5 4. Qg4 Qf6 5. Nd5 Qxf2+ 6. Kd1 Kf8 7. Nh3 
Qd4 8. d3 Bb6 9. Rf1 d6 10. Rxf7+ Ke8 11. Qxg7 Nce7 12. Rxe7+ Nxe7 13. 
Qxe7# 1-0

[Event "Fall Server Series, S02094"]
[Site "CCLA"]
[Date "2020.11.21"]
[Round "?"]
[White "McLaughlin, Ed"]
[Black "Siegfried, Will"]
[Result "1/2-1/2"]
[WhiteElo "1662"]
[BlackElo "1650"]

1. d4 f5 2. c4 Nf6 3. Nc3 d6 4. Nf3 g6 5. Qc2 Bg7 6. e4 O-O 7. Bd3 fxe4 8.
 Nxe4 Nbd7 9. O-O Nxe4 10. Bxe4 e5 11. Bd5+ Kh8 12. Ng5 Qe7 13. Ne6 c6 14.
 Nxf8 Qxf8 15. Be4 exd4 16. Bg5 Nf6 17. Bd3 Be6 18. Rfe1 Re8 19. Re2 d5 
20. Rae1 dxc4 21. Bxg6 d3 22. Bxd3 cxd3 23. Qxd3 Bd5 24. b3 Rxe2 25. Rxe2 
h6 26. Be3 c5 27. f3 b6 28. Bd2 Qf7 29. Bc3 c4 30. bxc4 Bxc4 31. Qd8+ Kh7 
32. Re7 Qg6 33. Qc7 Bb5 34. Qxa7 Ne8 35. h4 Kg8 36. Bxg7 Nxg7 37. Qa8+ Kh7
38. Qa7 h5 39. Rb7 Qg3 40. Qxb6 Qe1+ 41. Kh2 Qxh4+ 42. Kg1 Qe1+ 43. Kh2 
Qh4+ 1/2-1/2

[Event "Fall Server Series, S02094"]
[Site "CCLA"]
[Date "2020.11.21"]
[Round "?"]
[White "Siegfried, Will"]
[Black "McLaughlin, Ed"]
[Result "1-0"]
[WhiteElo "1650"]
[BlackElo "1662"]

1. e4 c5 2. Nf3 a6 3. c3 d5 4. exd5 Qxd5 5. d4 e6 6. Be2 b5 7. O-O Bb7 8. 
Bf4 Nf6 9. Na3 cxd4 10. Qxd4 Bc5 11. Qxd5 Nxd5 12. Bd2 Nf6 13. Nc2 O-O 14.
 Ncd4 Nbd7 15. Rad1 h6 16. h3 Rfd8 17. Bf4 Rac8 18. Rd2 Nd5 19. Bg3 N7f6 
20. Bd3 Nh5 21. Bh2 Ndf4 22. Bc2 e5 23. Nb3 Bb6 24. Rfd1 Rxd2 25. Rxd2 
Bxf3 26. gxf3 Nxh3+ 27. Kf1 N5f4 28. Nc1 Ng5 29. Bd1 Ngh3 30. Ne2 Nxf2 31.
 Bc2 Be3 32. Rd7 N2h3 33. Bb3 Ng5 34. Bg3 Nxf3 35. Bxf7+ Kh7 36. Bd5 Nd2+ 
37. Ke1 Nd3+ 38. Kd1 Nxb2+ 39. Kc2 Nbc4 40. Be6 a5 41. Bf5+ Kh8 42. Rb7 
Bc5 43. Bxc8 1-0

[Event "Fall Server Series, S02094"]
[Site "CCLA"]
[Date "2020.11.21"]
[Round "?"]
[White "Siegfried, Will"]
[Black "Smiley, William R."]
[Result "1-0"]
[WhiteElo "1650"]
[BlackElo "1543"]

1. e4 e5 2. Bc4 Bc5 3. Nc3 c6 4. Nf3 d6 5. d4 exd4 6. Nxd4 Qf6 7. Be3 Be6 
8. Nxe6 fxe6 9. Bxc5 dxc5 10. O-O b5 11. Be2 e5 12. Qd2 a6 13. Rad1 Qe7 
14. Bg4 Nf6 15. Bh3 Nbd7 16. f3 Rd8 17. g4 Nf8 18. Qxd8+ Qxd8 19. Rxd8+ 
Kxd8 20. Rd1+ Kc7 21. g5 Nh5 22. Ne2 g6 23. Kf2 Ng7 24. f4 exf4 25. Nxf4 
h6 26. Nxg6 Nxg6 27. Rd7+ Kb6 28. Rxg7 hxg5 29. Kg3 Nf4 30. Bg4 Nh5+ 31. 
Bxh5 Rxh5 32. h3 c4 33. Re7 Kc5 34. e5 Rh4 35. Rg7 Re4 36. Rxg5 1-0

[Event "Fall Server Series, S02094"]
[Site "CCLA"]
[Date "2020.11.21"]
[Round "?"]
[White "Smiley, William R."]
[Black "Siegfried, Will"]
[Result "1-0"]
[WhiteElo "1543"]
[BlackElo "1650"]

1. e4 e6 2. d4 d5 3. Nc3 Bb4 4. e5 c5 5. Ne2 Ne7 6. a3 cxd4 7. axb4 dxc3 
8. bxc3 Nbc6 9. f4 O-O 10. Nd4 b6 11. Bd3 Bb7 12. O-O Rc8 13. Rf3 Ng6 14. 
Nxc6 Bxc6 15. Rh3 Be8 16. Qh5 h6 17. f5 Nxe5 18. Bxh6 f6 19. Qh4 Qe7 20. 
Bd2 Nxd3 21. Qh7+ Kf7 22. Bh6 Rg8 23. Rg3 Kf8 24. Bxg7+ Rxg7 25. Qh8+ 1-0

[Event "Fall Server Series, S02095"]
[Site "CCLA"]
[Date "2020.11.21"]
[Round "?"]
[White "Catania, Duane"]
[Black "Ishler, Mark P."]
[Result "1-0"]
[WhiteElo "1666"]
[BlackElo "1547"]

1. e4 c5 2. f4 d6 3. Bb5+ Bd7 4. Bxd7+ Qxd7 5. c4 Nc6 6. Nf3 Qg4 7. d3 e6 
8. O-O Be7 9. Nc3 Nf6 10. h3 Qg6 11. Qe1 Nd7 12. f5 exf5 13. exf5 Qxf5 14.
 Ng5 Qxd3 15. Nd5 Rc8 16. Nxe7 Nxe7 17. Rxf7 Ne5 18. Rf1 Qxc4 19. b3 Qd5 
20. Be3 h6 21. Rd1 Qc6 22. Ne6 Rg8 23. Bf4 N7g6 24. Bg3 Kd7 25. Bxe5 Nxe5 
26. Qxe5 Rce8 27. Nxc5+ Kc7 28. Rf7+ Kb8 29. Qxd6+ 1-0

[Event "Fall Server Series, S02095"]
[Site "CCLA"]
[Date "2020.11.21"]
[Round "?"]
[White "Catania, Duane"]
[Black "Nurmi, Ronald"]
[Result "1-0"]
[WhiteElo "1666"]
[BlackElo "1395"]

1. e4 c6 2. d4 d5 3. Nc3 dxe4 4. Nxe4 Bf5 5. Ng3 Bg6 6. Nf3 e6 7. Bd3 Nf6 
8. O-O Bd6 9. Re1 Nbd7 10. Nf5 Bxf5 11. Bxf5 Qc7 12. c4 O-O 13. Bd3 c5 14.
 Be3 cxd4 15. Bxd4 Rad8 16. Qe2 b6 17. Rac1 Rfe8 18. Bb1 Be7 19. Bc3 h6 
20. b4 a6 21. a3 Rc8 22. Bb2 Red8 23. h3 Qb7 24. Red1 Rc7 25. Rd2 Qc8 26. 
Rdc2 Rc6 27. Ba2 Qb7 28. Nd4 Rcc8 29. Rc3 Re8 30. Bb1 Qc7 31. c5 bxc5 32. 
Qxa6 Nd5 33. Rg3 N5f6 34. Qe2 Qb6 35. bxc5 Bxc5 36. Rb3 Qc7 37. Nb5 Qc6 
38. Na7 Qc7 39. Nxc8 Rxc8 40. Qf3 Qd8 41. Rd1 Qe7 42. Rb7 Ra8 43. Bxf6 
gxf6 44. Rbxd7 1-0

[Event "Fall Server Series, S02095"]
[Site "CCLA"]
[Date "2020.11.21"]
[Round "?"]
[White "Catania, Duane"]
[Black "Williams, Rufus H."]
[Result "1-0"]
[WhiteElo "1666"]
[BlackElo "1314"]

1. e4 e5 2. Nf3 d6 3. Bc4 Nf6 4. d3 Bg4 5. c3 c6 6. h3 Bxf3 7. Qxf3 d5 8. 
exd5 cxd5 9. Bb3 Be7 10. O-O O-O 11. Bg5 Nc6 12. Bxf6 Bxf6 13. Bxd5 Rc8 
14. Nd2 Qd7 15. Ne4 Be7 16. Bb3 b6 17. Rfd1 a5 18. Rac1 Rcd8 19. Ba4 f6 
20. Bc2 Kh8 21. Ng3 Qe6 22. Nf5 Bc5 23. d4 Bxd4 24. cxd4 g6 25. d5 Qc8 26.
 dxc6 gxf5 27. Qxf5 Qxf5 28. Bxf5 Rg8 29. Rxd8 Rxd8 30. c7 1-0

[Event "Fall Server Series, S02095"]
[Site "CCLA"]
[Date "2020.11.21"]
[Round "?"]
[White "Ishler, Mark P."]
[Black "Catania, Duane"]
[Result "0-1"]
[WhiteElo "1547"]
[BlackElo "1666"]

1. e4 e6 2. d4 d5 3. Nc3 Nf6 4. e5 Ne4 5. Nxe4 dxe4 6. Bc4 a6 7. Ne2 b5 8.
 Bb3 Bb7 9. O-O c5 10. c3 c4 11. Bc2 Nd7 12. Ng3 Qh4 13. Qe2 f5 14. exf6 
Nxf6 15. Re1 Bd6 16. f3 Bxg3 17. hxg3 Qxg3 18. fxe4 Ng4 0-1

[Event "Fall Server Series, S02095"]
[Site "CCLA"]
[Date "2020.11.21"]
[Round "?"]
[White "Ishler, Mark P."]
[Black "Nurmi, Ronald"]
[Result "1-0"]
[WhiteElo "1547"]
[BlackElo "1395"]

1. e4 d5 2. exd5 Qxd5 3. Nc3 Qd6 4. d4 Nf6 5. Nf3 c6 6. Ne5 Nbd7 7. Nc4 
Qc7 8. Qf3 Nb6 9. Bf4 Qd7 10. Nxb6 axb6 11. O-O-O Qd8 12. h3 e6 13. g4 Bd6
14. g5 Bxf4+ 15. Qxf4 Nd5 16. Qg3 Ne7 17. f4 Nf5 18. Qd3 Qd6 19. Qd2 Bd7 
20. Ne4 Qc7 21. Kb1 O-O-O 22. Qf2 h6 23. Bg2 h5 24. Rhe1 g6 25. Nf6 Kb8 
26. Be4 b5 27. Bxf5 exf5 28. Re7 Rde8 29. Nxd7+ Kc8 30. Rxe8+ 1-0

[Event "Fall Server Series, S02095"]
[Site "CCLA"]
[Date "2020.11.21"]
[Round "?"]
[White "Ishler, Mark P."]
[Black "Williams, Rufus H."]
[Result "1-0"]
[WhiteElo "1547"]
[BlackElo "1314"]

1. e4 e5 2. Nf3 d6 3. d4 exd4 4. Nxd4 Nf6 5. Nc3 Nc6 6. Be2 a6 7. O-O Be7 
8. Be3 O-O 9. f4 d5 10. e5 Ne4 11. Nxe4 dxe4 12. Nxc6 bxc6 13. Qxd8 Rxd8 
14. Rfd1 Rxd1+ 15. Rxd1 Be6 16. c4 Rd8 17. Rxd8+ Bxd8 18. a4 Be7 19. c5 a5
20. Bd1 f6 21. Bd4 Kf8 22. g4 g6 23. exf6 Bd8 24. g5 Bd5 25. Kf2 Bc4 26. 
Bc3 Kf7 27. Bxa5 Bd3 28. Bc3 Kf8 29. Be2 Bxe2 30. Kxe2 Kf7 31. a5 1-0

[Event "Fall Server Series, S02095"]
[Site "CCLA"]
[Date "2020.11.21"]
[Round "?"]
[White "Nurmi, Ronald"]
[Black "Catania, Duane"]
[Result "0-1"]
[WhiteElo "1395"]
[BlackElo "1666"]

1. d4 e6 2. Bf4 d5 3. e3 Nf6 4. Nd2 Nbd7 5. Ngf3 c5 6. c3 Be7 7. Bd3 O-O 
8. Ne5 Re8 9. Qf3 Qb6 10. Rb1 Nf8 11. O-O Bd7 12. b3 Bc6 13. dxc5 Bxc5 14.
 b4 Be7 15. a3 Rac8 16. Qe2 Ng6 17. Nxg6 hxg6 18. h3 Nd7 19. Bc2 e5 20. 
Bg3 Bf6 21. Nf3 Bb5 22. Bd3 Bxd3 23. Qxd3 e4 24. Qxd5 exf3 25. Qxd7 Red8 
26. Qa4 fxg2 27. Kxg2 Rxc3 28. Rfc1 Qe6 29. Rxc3 Qe4+ 30. Kh2 Qxb1 31. Rc2
b5 32. Qa5 Qxc2 0-1

[Event "Fall Server Series, S02095"]
[Site "CCLA"]
[Date "2020.11.21"]
[Round "?"]
[White "Nurmi, Ronald"]
[Black "Ishler, Mark P."]
[Result "0-1"]
[WhiteElo "1395"]
[BlackElo "1547"]

1. d4 Nf6 2. Bf4 e6 3. e3 c5 4. c3 Nc6 5. Nd2 d5 6. Ngf3 Bd6 7. Bg3 O-O 8.
 Bd3 b6 9. Qe2 Bb7 10. Rd1 cxd4 11. exd4 Rc8 12. Ne5 Qc7 13. Ndf3 a6 14. 
O-O h6 15. h3 b5 16. Rfe1 b4 17. cxb4 Nxb4 18. Bb1 a5 19. Qd2 Ne4 20. Qe2 
Nxg3 21. fxg3 Ba6 22. Qf2 f6 23. Ng6 Bxg3 24. Qe3 Rfe8 25. Rc1 Bc4 26. b3 
Bxe1 27. Nxe1 Qd6 28. bxc4 dxc4 29. Nh4 Red8 30. Nhf3 Nd5 31. Qe2 Nf4 32. 
Qc2 f5 33. Kf1 Nd5 34. Ne5 Ne3+ 0-1

[Event "Fall Server Series, S02095"]
[Site "CCLA"]
[Date "2020.11.21"]
[Round "?"]
[White "Nurmi, Ronald"]
[Black "Williams, Rufus H."]
[Result "1-0"]
[WhiteElo "1395"]
[BlackElo "1314"]

1. d4 d5 2. Bf4 Bf5 3. c4 e6 4. Nc3 Nf6 5. e3 Bb4 6. Qa4+ Nc6 7. Nf3 Bxc3+
8. bxc3 Ne4 9. Rc1 O-O 10. Be2 Nxf2 11. Kxf2 Be4 12. c5 Bxf3 13. Bxf3 a5 
14. c4 Nb4 15. Be2 c6 16. cxd5 exd5 17. a3 Na6 18. Bxa6 Rxa6 19. Rhf1 Qh4+
20. Kg1 f5 21. Qd1 Re8 22. Re1 a4 23. Qf3 Re6 24. Re2 Ra5 25. Rb1 Ra7 26. 
Bb8 Ra8 27. Rxb7 Qg5 28. Be5 Rg6 29. Reb2 h6 30. Rb8+ Rxb8 31. Rxb8+ Kh7 
32. Ra8 Re6 33. Rxa4 Re7 34. Ra6 Qg6 35. a4 Qe6 36. a5 Qd7 37. Rb6 Re8 38.
 a6 Qc8 39. Qg3 Rg8 40. Qe1 Kh8 41. Rb7 1-0

[Event "Fall Server Series, S02095"]
[Site "CCLA"]
[Date "2020.11.21"]
[Round "?"]
[White "Williams, Rufus H."]
[Black "Catania, Duane"]
[Result "0-1"]
[WhiteElo "1314"]
[BlackElo "1666"]

1. e4 e6 2. d4 d5 3. exd5 exd5 4. Nf3 Nf6 5. c4 c6 6. a3 Bd6 7. cxd5 Nxd5 
8. Nc3 O-O 9. Nxd5 cxd5 10. Be2 Bg4 11. O-O Nd7 12. b4 Re8 13. Re1 Nf6 14.
 Ne5 Bxe2 15. Rxe2 Rc8 16. Bb2 Ne4 17. Re3 f6 18. Nd3 b6 19. Rc1 Qd7 20. 
f3 Ng5 21. Rxe8+ Rxe8 22. Bc3 Bb8 23. Rc2 Qd6 24. Qf1 Qxh2+ 25. Kf2 Bg3# 
0-1

[Event "Fall Server Series, S02095"]
[Site "CCLA"]
[Date "2020.11.21"]
[Round "?"]
[White "Williams, Rufus H."]
[Black "Ishler, Mark P."]
[Result "0-1"]
[WhiteElo "1314"]
[BlackElo "1547"]

1. e4 e5 2. Nc3 Nf6 3. Bc4 Nc6 4. Nf3 Bc5 5. O-O d6 6. Ng5 O-O 7. d3 Bg4 
8. Qe1 Nd4 9. h3 Bh5 10. Qd2 h6 11. Ne6 fxe6 12. Bxe6+ Nxe6 13. a3 Qd7 14.
 Qe1 Nd4 15. Qd2 Nf3+ 16. gxf3 Qxh3 17. Qd1 Bxf3 18. Qxf3 Qxf3 19. b4 Qg4+
20. Kh1 Qh3+ 21. Kg1 Ng4 0-1

[Event "Fall Server Series, S02095"]
[Site "CCLA"]
[Date "2020.11.21"]
[Round "?"]
[White "Williams, Rufus H."]
[Black "Nurmi, Ronald"]
[Result "0-1"]
[WhiteElo "1314"]
[BlackElo "1395"]

1. e4 c6 2. d4 d5 3. exd5 cxd5 4. Nf3 Nf6 5. Nc3 Bg4 6. Bb5+ Nc6 7. O-O e6
8. h3 Bxf3 9. Qxf3 Be7 10. Re1 O-O 11. Bxc6 bxc6 12. Bf4 a6 13. Qg3 Nh5 
14. Qf3 Nf6 15. Qg3 Nh5 16. Qg4 Nxf4 17. Qxf4 Bf6 18. a4 Qb6 19. b3 Bxd4 
20. Rf1 Bxc3 21. Rab1 a5 22. Rfe1 Bxe1 23. Rxe1 c5 24. Re3 Rad8 25. Rg3 
Rd7 26. Qf6 g6 27. h4 Qd6 28. h5 Qe7 29. Qxe7 Rxe7 30. h6 f5 31. Rc3 Rc8 
32. g3 e5 33. f3 d4 34. Rd3 e4 35. fxe4 fxe4 36. Rd1 Rf8 0-1

[Event "Fall Server Series, S02096"]
[Site "CCLA"]
[Date "2020.11.21"]
[Round "?"]
[White "Sanchez, David A."]
[Black "Taylor, Ronald D."]
[Result "0-1"]
[WhiteElo "1421"]
[BlackElo "1449"]

1. d4 Nf6 2. Bg5 Ne4 3. Bh4 c5 4. f3 g5 5. fxe4 gxh4 6. e3 Bh6 7. Bc4 e6 
8. Kf2 d6 9. dxc5 dxc5 10. Qxd8+ Kxd8 11. Nf3 Nc6 12. Rd1+ Kc7 13. Nc3 h3 
14. g4 a6 15. g5 Bg7 16. a3 b5 17. Bf1 Bb7 18. Bxh3 Bxc3 19. bxc3 Rad8 20.
 Rdb1 Kd6 21. c4 Na5 22. e5+ Kc6 23. cxb5+ axb5 24. Nd4+ cxd4 25. Bg2+ Kc7
26. Bxb7 dxe3+ 27. Kxe3 Nxb7 28. Rxb5 Rd5 29. c4 Rd7 30. Rab1 Rb8 0-1

[Event "Fall Server Series, S02096"]
[Site "CCLA"]
[Date "2020.11.21"]
[Round "?"]
[White "Sanchez, David A."]
[Black "Williams, Rufus H."]
[Result "1/2-1/2"]
[WhiteElo "1421"]
[BlackElo "1290"]

1. d4 e6 2. c4 Nf6 3. g3 d5 4. Bg2 Bb4+ 5. Bd2 Bxd2+ 6. Nxd2 dxc4 7. Qa4+ 
Nc6 8. Qxc4 O-O 9. e3 Re8 10. Ngf3 Qd5 11. Rc1 Qxc4 12. Rxc4 Bd7 13. O-O 
a6 14. Rfc1 h6 15. Ne5 g6 16. Nxd7 Nxd7 17. Bxc6 bxc6 18. Rxc6 Nf6 19. 
Rxc7 g5 20. Nf3 a5 21. Ne5 Rf8 22. Nd7 Nxd7 23. Rxd7 Rab8 24. Ra7 Rxb2 25.
 Rxa5 Kg7 26. a4 Ra2 27. Ra7 Ra3 28. Rc6 Ra1+ 29. Kg2 g4 30. Rac7 Rxa4 31.
 Rc8 1/2-1/2

[Event "Fall Server Series, S02096"]
[Site "CCLA"]
[Date "2020.11.21"]
[Round "?"]
[White "Taylor, Ronald D."]
[Black "Sanchez, David A."]
[Result "0-1"]
[WhiteElo "1449"]
[BlackElo "1421"]

1. d4 d5 2. g3 Nf6 3. Bg2 e6 4. Bg5 c5 5. e3 Bd6 6. Nf3 Qb6 7. b3 Nbd7 8. 
Nbd2 h6 9. Bxf6 Nxf6 10. O-O O-O 11. c4 Qc7 12. Re1 b6 13. cxd5 exd5 14. 
e4 dxe4 15. Nxe4 Nxe4 16. Rxe4 Bf5 17. Re2 Rfd8 18. Rd2 Rab8 19. dxc5 Bxc5
20. Rc1 Rxd2 21. Qxd2 Rc8 22. Rd1 a5 23. Nd4 Rd8 24. Qc3 Qe5 0-1

[Event "Fall Server Series, S02096"]
[Site "CCLA"]
[Date "2020.11.21"]
[Round "?"]
[White "Taylor, Ronald D."]
[Black "Williams, Rufus H."]
[Result "1-0"]
[WhiteElo "1449"]
[BlackElo "1290"]

1. d4 Nf6 2. g3 d5 3. Bg2 e6 4. Bg5 Be7 5. Nf3 b6 6. c4 Ba6 7. cxd5 O-O 8.
 dxe6 fxe6 9. O-O Nd5 10. Bxe7 Qxe7 11. Re1 Qb4 12. b3 Nc6 13. e3 Rad8 14.
 Nbd2 Bb5 15. Ne4 Qe7 16. Rc1 Qe8 17. Nc3 Ba6 18. Ng5 Nf6 19. Nce4 Nxe4 
20. Bxe4 Kh8 21. Bxc6 Qe7 22. Nh3 Qf6 23. Nf4 e5 24. Nd5 Qxf2+ 25. Kh1 
Qf3+ 26. Qxf3 Rxf3 27. Kg2 Rf7 28. dxe5 Rf5 29. Nxc7 Rd2+ 30. Kg1 Rff2 31.
 Nxa6 Rxa2 32. Rf1 Rxf1+ 33. Rxf1 g6 34. Nb4 Re2 35. Nd5 Kg7 36. Ra1 Rc2 
37. Rxa7+ Kh6 38. e6 Rc1+ 39. Kg2 Rxc6 40. e7 Re6 41. Ra8 1-0

[Event "Fall Server Series, S02096"]
[Site "CCLA"]
[Date "2020.11.21"]
[Round "?"]
[White "Williams, Rufus H."]
[Black "Sanchez, David A."]
[Result "0-1"]
[WhiteElo "1290"]
[BlackElo "1421"]

1. e4 e5 2. Nc3 Nf6 3. Nf3 Nc6 4. Bc4 Nxe4 5. Nxe4 d5 6. Nf6+ gxf6 7. Bb3 
Bg4 8. d3 Bc5 9. O-O Qd7 10. Bh6 Rg8 11. Re1 O-O-O 12. Qd2 Bxf3 0-1

[Event "Fall Server Series, S02096"]
[Site "CCLA"]
[Date "2020.11.21"]
[Round "?"]
[White "Williams, Rufus H."]
[Black "Taylor, Ronald D."]
[Result "0-1"]
[WhiteElo "1290"]
[BlackElo "1449"]

1. d4 Nf6 2. c4 g6 3. Nc3 d5 4. Bf4 c5 5. e3 Bg7 6. Nf3 cxd4 7. exd4 Nc6 
8. Qd2 O-O 9. O-O-O b6 10. h3 Ne4 11. Qc2 Bf5 12. Nxe4 Bxe4 13. Bd3 Nb4 
14. Qb1 Nxd3+ 15. Rxd3 Rc8 16. b3 dxc4 17. Kd1 cxd3 18. Re1 Qd5 19. Be3 
Rc2 20. Nd2 Rfc8 21. Nxe4 Qxe4 22. f3 Qf5 23. Rf1 Re2 24. Bd2 Bxd4 25. Rg1
Bxg1 26. Qb2 Be3 27. Qb1 Rxd2+ 0-1

[Event "Fall Server Series, S02096"]
[Site "CCLA"]
[Date "2020.11.21"]
[Round "?"]
[White "Oneill, Bob"]
[Black "Sanchez, David A."]
[Result "0-1"]
[WhiteElo "1247"]
[BlackElo "1421"]

1. e4 c6 2. Nc3 d5 3. d4 dxe4 4. Nxe4 Nd7 5. Bd2 Ngf6 6. Ng5 Nb6 7. Nxf7 
Kxf7 8. c3 Be6 9. h3 g6 10. Nf3 h5 0-1